000 00631nam a2200217Ia 4500
003 GCL
008 140319s9999 xx 000 0 eng d
040 _aGCL /
_cGCL
082 0 4 _aP
_b338.943
_bL T
100 1 _aKREMERS,JEROEN
245 1 0 _aTHE FEDERAL REPUBLIC OF GERMANY: ASYUSTENT IN A SURPLUS COUNTRY /
_cKREMERS,JEROEN
700 1 _aLIPSCHITZ,LESKIE
700 1 _aMAYER,THOMAS
700 1 _aMCDONALD, DONOGH
260 _a[S.N] :
_bINTERNATIONAL MONETARY FUND ،
_c1989
650 0 4 _aECONOMIC CONDITIONS
650 0 4 _aECONOMIC POLICY
650 0 4 _aECONOMIC FORECASTING
650 0 4 _aGERMANY WEST
942 _2ddc
_cCR
999 _c25873
_d25873